ARRUPE JESUIT UNIVERSITY

CORONAVIRUS -STOP THE SPREAD - CLEAN,DISINFECT,COVER

Dating the past; (Record no. 128886)

MARC details
000 -LEADER
fixed length control field 00785cam a22002411 4500
001 - CONTROL NUMBER
control field 2638382
003 - CONTROL NUMBER IDENTIFIER
control field ARRUPE
005 - DATE AND TIME OF LATEST TRANSACTION
control field 20190201091102.0
008 - FIXED-LENGTH DATA ELEMENTS--GENERAL INFORMATION
fixed length control field 850307s1958 enkab b 000 0 eng
010 ## - LIBRARY OF CONGRESS CONTROL NUMBER
LC control number 58003837
040 ## - CATALOGING SOURCE
Original cataloging agency DLC/ICU
Transcribing agency ICU
Modifying agency DLC
050 00 - LIBRARY OF CONGRESS CALL NUMBER
Classification number SPC. QE508
Item number .Z4 1958
082 00 - DEWEY DECIMAL CLASSIFICATION NUMBER
Classification number 550.1
300 ## - PHYSICAL DESCRIPTION
Other physical details illus., maps, profiles.
Dimensions 22 cm.
100 1# - MAIN ENTRY--PERSONAL NAME
Personal name Zeuner, Frederick Everard,
Dates associated with a name 1905-1963.
9 (RLIN) 44348
245 10 - TITLE STATEMENT
Title Dating the past;
Remainder of title an introduction to geochronology.
Statement of responsibility, etc Frederick E. Zeuner
250 ## - EDITION STATEMENT
Edition statement 4th ed., rev. and enl.
260 ## - PUBLICATION, DISTRIBUTION, ETC. (IMPRINT)
Place of publication, distribution, etc London,
Name of publisher, distributor, etc Methuen
Date of publication, distribution, etc [1958]
300 ## - PHYSICAL DESCRIPTION
Extent xx, 516 p.
504 ## - BIBLIOGRAPHY, ETC. NOTE
Bibliography, etc Bibliography: p. 433-490.
650 #0 - SUBJECT ADDED ENTRY--TOPICAL TERM
Topical term or geographic name as entry element Archaeology
General subdivision Methodology.
9 (RLIN) 43835
906 ## - LOCAL DATA ELEMENT F, LDF (RLIN)
a 7
b cbc
c orignew
d u
e ocip
f 19
g y-gencatlg
942 ## - ADDED ENTRY ELEMENTS (KOHA)
Source of classification or shelving scheme Library of Congress Classification
Koha item type SPC
Holdings
Withdrawn status Lost status Source of classification or shelving scheme Damaged status Not for loan Collection code Home library Current library Shelving location Date acquired Total Checkouts Full call number Barcode Date last seen Price effective from Koha item type
    Library of Congress Classification     SPECIAL Collection ARRUPE LIBRARY ARRUPE LIBRARY REFERENCE 01/02/2019   SPC. QE508 .Z4 1958 46600003565 01/02/2019 01/02/2019 SPC

 

Arrupe Library. PO Box MP320 Mt Pleasant, Harare, Zimbabwe
263 242 745411|librarian@aju.ac.zw